01318cam a22003017a 45000010005000000030006000050050017000110080041000280100017000690200018000860350013001040350021001170400028001380500023001660820012001891000027002012450052002282600035002803000048003154900023003634900023003865000020004095200423004296500034008526500022008866550079009087000029009878400FISKH20250910145146.0110107s2010 nyua j 001 0 eng  a 2010284608 a9780545285469 a16603045 a(OCoLC)692225855 aCCScCCSdCCSdDLCbeng00aQE714.5b.S73 201000a5602231 aStamper, Judith Bauer.10aFossils /cJudith Bauer Stamper, Vicky Willows. aNew York :bScholastic,c2010. a32 pages : bcolor illustrations ; c23 cm 0 aSmart words reader0 aSmart words reader aIncludes index. a"Fossils aren't just old bones. They are very special pieces of evidence that provide important clues about the past. By studying fossils, we can learn about animals that are now extinct, like dinosaurs. Fossils can tell us what the weather and climate were like long ago. Dig into this book to find out all about fossils and learn important vocabulary words you'll need to understand earth science!"--from back cover. 0aFossilsvJuvenile literature. 0aReading (Primary) 7aLiterature.2lcgft0https://id.loc.gov/authorities/genreForms/gf20140264151 aWillows, Vicky.eAuthor